000 00638nam a2200181Ia 4500
008 100920s9999 xx 000 0 und d
082 _b73184
_a--- थ 98
100 _aहरकारे अरुण.
245 _aकर्तव्य आणि पैसा.
260 _bदिलीपराज प्रकाशन प्रा.लि.पुणे-30.
_c1998
300 _a148
_bसाधी
365 _b100
520 _aकादंबरी.
630 _aकर्तव्य आणि पैसा.
650 _aकादंबरी.
730 _aकर्तव्य आणि पैसा.
942 _cBOOK
999 _c714885
_d714882